Tự học lập trình cơ sở dữ liệu với Visual Basic 6 trong 21 ngày

Sparad:
Bibliografiska uppgifter
Huvudupphovsman: Nguyễn Đình Tê
Materialtyp: Bok
Språk:Undetermined
Publicerad: Giáo dục 2001
Taggar: Lägg till en tagg
Inga taggar, Lägg till första taggen!
Thư viện lưu trữ: Trung tâm Học liệu Trường Đại học Cần Thơ
LEADER 00474nam a2200145Ia 4500
001 CTU_49042
008 210402s9999 xx 000 0 und d
082 |a 005.133 
082 |b T250/T1 
100 |a Nguyễn Đình Tê 
245 0 |a Tự học lập trình cơ sở dữ liệu với Visual Basic 6 trong 21 ngày 
245 0 |c NGUYỄN ĐÌNH TÊ 
260 |b Giáo dục 
260 |c 2001 
980 |a Trung tâm Học liệu Trường Đại học Cần Thơ